000 00470nam a2200145Ia 4500
003 OSt
005 20260129123535.0
008 211028s2018 xx 000 0 und d
040 _cAIMIT LIBRARY
041 _aeng
100 _aSequeira, Nanditha Jessica; James, Justine P.
_g1616116
_97871
245 _aEmpirical study on sound organization climate with special reference to A J Hospital Mangalore /
260 _aMangalore
_bJustine P James.
_c2018
942 _2ddc
_cPRO
999 _c219439
_d219439